| 000 | 00900cam a2200325Mi 4500 | ||
|---|---|---|---|
| 001 | 75801 | ||
| 005 | 20230410105313.0 | ||
| 008 | 090327s2009 fr 000 0 fre d | ||
| 035 | _a(OCoLC)ocn317588651 | ||
| 040 |
_aTZT _cTZT |
||
| 020 | _a9782707157287 | ||
| 020 | _a2707157287 | ||
| 029 | 0 |
_aTZT _bJTL00245737 |
|
| 035 | _a(OCoLC)317588651 | ||
| 072 | 7 |
_aHD _2lcco |
|
| 082 | 1 | 4 |
_a330 _21 |
| 050 | 1 | 4 |
_aH 61 _bR425 |
| 100 | 1 | _aGautié, Jéróme. | |
| 245 | 1 | 3 |
_aLe chómage / _cJéróme Gautié. |
| 260 |
_aParis : _bDécouverte, _c2009. |
||
| 300 | _a125 p. | ||
| 490 | 1 |
_aCollection Reperes; _vn.531 |
|
| 653 |
_aEconomic crisis _aUnemployment _aLate 20th-21st centuries |
||
| 730 | 0 | _aCollection Reperes | |
| 830 | 0 | _aReperes / économie | |
| 938 |
_aJean Touzot Libraire Editeur _bTOUZ _nJTL00245737 _c9,50 EUR |
||
| 942 |
_2lcc _cbk |
||
| 946 | _amjcruz | ||
| 994 |
_aC0 _bDRFGD |
||
| 999 |
_c34012 _d34012 |
||